header

Sanctuary and crime in the middle ages, 400-1500 (Record no. 114808)

MARC details
000 -LEADER
fixed length control field 01952nam a2200397 a 4500
082 04 - DEWEY DECIMAL CLASSIFICATION NUMBER
Classification number 345.45/632056
100 1# - MAIN ENTRY--AUTHOR NAME
Personal name Shoemaker, Karl.
245 10 - TITLE STATEMENT
Title Sanctuary and crime in the middle ages, 400-1500
250 ## - EDITION STATEMENT
Edition statement 1st ed.
260 ## - PUBLICATION, DISTRIBUTION, ETC. (IMPRINT)
Place of publication New York :
Name of publisher Fordham University Press,
Year of publication 2011.
300 ## - PHYSICAL DESCRIPTION
Number of Pages xiv, 269 p.
490 1# - SERIES STATEMENT
Series statement Just ideas : transformative ideals of justice in ethical and political thought
505 0# - FORMATTED CONTENTS NOTE
Formatted contents note Authority, intercession, and penance -- Roman aristocratic traditions, imperial penal law, and sanctuary -- Reassessing early medieval sanctuary legislation -- The transmission and reception of sanctuary legislation in the early middle ages -- Sanctuary, blood feud, and the strength of Anglo-Saxon government -- Sanctuary in the century after the Norman conquest -- Sanctuary and Angevin law reforms -- The role of canon law in the destruction of sanctuary.
650 #0 - SUBJECT ADDED ENTRY--TOPICAL TERM
Topical Term Asylum, Right of
Topical Term Law, Medieval.
856 40 - ELECTRONIC LOCATION AND ACCESS
Uniform Resource Identifier http://site.ebrary.com/lib/rucke/Doc?id=10469450

No items available.

© 2026 Rongo University
Contact us: librarian | system librarian | Rongo university